Normal view
MARC view
- Stair, Ralph M.
Entry Personal Name
001 - CONTROL NUMBER
- control field: 723
003 - CONTROL NUMBER IDENTIFIER
- control field: OSt
005 - DATE AND TIME OF LATEST TRANSACTION
- control field: 20170503111132.0
008 - FIXED-LENGTH DATA ELEMENTS
- fixed length control field: 170503|| aca||aabn | a|a d
040 ## - CATALOGING SOURCE
- Original cataloging agency: OSt
- Transcribing agency: OSt
100 ## - HEADING--PERSONAL NAME
- Personal name: Stair, Ralph M.
670 ## - SOURCE DATA FOUND
- Source citation: Work cat.: (OSt): Stair, Ralph M., Principles of data processing :, 1984

PORTAL AKMAL
E-MEL JKDM
AKMAL2U
G-BAM
u-PUSTAKA